Fr. Conceicao Rodrigues College of Engineering

Maintenance Of Factory Service II (Record no. 32122)

MARC details
000 -LEADER
fixed length control field 00376nam a2200169Ia 4500
082 ## - DEWEY DECIMAL CLASSIFICATION NUMBER
Classification number 670.4
Item number ITB
100 ## - MAIN ENTRY--PERSONAL NAME
Personal name Module J23
245 ## - TITLE STATEMENT
Title Maintenance Of Factory Service II
260 ## - PUBLICATION, DISTRIBUTION, ETC.
Name of publisher, distributor, etc. E.I.T.B
Place of publication, distribution, etc. England
Date of publication, distribution, etc. 1983
300 ## - PHYSICAL DESCRIPTION
Extent 319
490 ## - SERIES STATEMENT
Volume/sequential designation II
546 ## - LANGUAGE NOTE
Language note ENGLISH
650 ## - SUBJECT ADDED ENTRY--TOPICAL TERM
Topical term or geographic name entry element Carpentery
654 ## - SUBJECT ADDED ENTRY--FACETED TOPICAL TERMS
Focus term Maintenance Of Factory Service II
942 ## - ADDED ENTRY ELEMENTS (KOHA)
Koha item type BOOK
Holdings
Withdrawn status Lost status Damaged status Not for loan Collection Home library Current library Shelving location Date acquired Total Checkouts Full call number Barcode Date last seen Price effective from Koha item type
        AFT Fr. Agnel's C.Rodrigues College of Engineering Fr. Agnel's C.Rodrigues College of Engineering   17/03/2023   670.4 ITB AFT4180 17/03/2023 17/03/2023 BOOK
        AFT Fr. Agnel's C.Rodrigues College of Engineering Fr. Agnel's C.Rodrigues College of Engineering   17/03/2023   670.4 ITB AFT4181 17/03/2023 17/03/2023 BOOK